<?xml version="1.0" encoding="UTF-8"?>
<collection xmlns="http://www.loc.gov/MARC21/slim">
 <record>
  <leader>01395nam a2200193Ia 4500</leader>
  <controlfield tag="001">TDMU_28068</controlfield>
  <controlfield tag="008">210410s9999    xx            000 0 und d</controlfield>
  <datafield tag="082" ind1=" " ind2=" ">
   <subfield code="a">170</subfield>
  </datafield>
  <datafield tag="090" ind1=" " ind2=" ">
   <subfield code="b">H407</subfield>
  </datafield>
  <datafield tag="100" ind1=" " ind2=" ">
   <subfield code="a">Hoàng, Thanh Hằng</subfield>
  </datafield>
  <datafield tag="245" ind1=" " ind2="0">
   <subfield code="a">Vùng đất Hưng Định từ đầu thế kỉ XIX đến năm 2015</subfield>
  </datafield>
  <datafield tag="245" ind1=" " ind2="0">
   <subfield code="c">Hoàng Thanh Hằng; TS. Nguyễn Văn Thủy (Hướng dẫn)</subfield>
  </datafield>
  <datafield tag="260" ind1=" " ind2=" ">
   <subfield code="a">Bình Dương, 2016</subfield>
  </datafield>
  <datafield tag="300" ind1=" " ind2=" ">
   <subfield code="a">117tr</subfield>
  </datafield>
  <datafield tag="520" ind1=" " ind2=" ">
   <subfield code="a">Chuyên ngành: Sư phạm Lịch sử; TM tài liệu tham khảo tr.99-100; Phụ lục tr.101-117; Khóa luận tốt nghiệp Đại học trường Đại học Thủ Dầu Một 2012 - 2016; Khóa luận gồm các chương: Chương 1 Địa lý tự nhiên và dân cư. Chương 2 Quá trình hình thành và phát triển của Hưng Định từ đầu thế kỉ XIX đến năm 2015. Chương 3 Đặc điểm kinh tế - Văn hóa - Xã hội.</subfield>
  </datafield>
  <datafield tag="650" ind1=" " ind2=" ">
   <subfield code="a">Khóa luận; Lịch sử Bình Dương</subfield>
   <subfield code="z">Hưng Định</subfield>
   <subfield code="y">Đầu thế kỉ XIX đến năm 2015; Vùng đất Hưng Định</subfield>
   <subfield code="y">Đầu thế kỉ XIX đến năm 2015</subfield>
  </datafield>
  <datafield tag="700" ind1=" " ind2=" ">
   <subfield code="a">Nguyễn Văn Thủy</subfield>
  </datafield>
  <datafield tag="856" ind1=" " ind2=" ">
   <subfield code="u">http://lrc.tdmu.edu.vn/opac/search/detail.asp?aID=2&amp;ID=28068</subfield>
  </datafield>
  <datafield tag="980" ind1=" " ind2=" ">
   <subfield code="a">Trung tâm Học liệu Trường Đại học Thủ Dầu Một</subfield>
  </datafield>
 </record>
</collection>
